000 00354nam a2200145Ia 4500
008 191201s2004 xx 000 0 und d
082 _a621.38154
_bBEE
100 _aBELL, David A
245 0 _aElectronic Instrumentation and Measurements
250 _a2nd
260 _aN.Delhi
_bPHI
_c2004
300 _a451
650 _aB.Tech(ECE)
942 _2ddc
_cBK
999 _c1989
_d1989